000
00322nam a22001337a 4500
008
181105b xxu||||| |||| 00| 0 eng d
020
_a
9781457695940
041
_a
eng
080
_2
7 TH
_a
370
100
_a
47
101
_a
EDU
245
_a
A Commonsense Guide To Grammar And Usage
_c
Beason.L
942
_2
udc
_c
BK
999
_c
51810
_d
51810